Sports Quiz

Random Sports or Football Quiz

NFL Teams That Started 13-0 Quiz Stats

 Plays Quiz Updated Mar 1, 2020

Support Sporcle.
Go Orange.
Score 0/9 Timer 01:00
1 Play Today
Year Team % Correct
2015Carolina Panthers
92.8%
2007New England Patriots
81%
2009Indianapolis Colts
70.5%
2009New Orleans Saints
70.5%
2011Green Bay Packers
62.9%
1972Miami Dolphins
44.7%
1998Denver Broncos
40.4%
2005Indianapolis Colts
39.7%
1934Chicago Bears
25.3%

From the Vault

Movies of 1995

by grapefruitking

Movies 6m
We left Showgirls off this quiz in order to keep it from having an NC-17 rating.
Remove Ads.
Support Sporcle.
Get the best of Sporcle when you Go Orange. This ad-free experience offers more features, more stats, and more fun while also helping to support Sporcle. Thank you for becoming a member.

Show Comments

Extras

Top Quizzes Today


Score Distribution

Your Account Isn't Verified!

In order to create a playlist on Sporcle, you need to verify the email address you used during registration. Go to your Sporcle Settings to finish the process.

Report this User

Report this user for behavior that violates our Community Guidelines.

Details: